[Event "Heusenstamm Sparkassen op U14 9th"]
[Site "Heusenstamm"]
[Date "2023.11.26"]
[Round "5"]
[White "Faisz, David"]
[Black "Selvaraj, Vibhaakar"]
[Result "1-0"]
[WhiteElo "1161"]
[BlackElo "748"]
[PlyCount "27"]
[EventDate "2023.11.24"]
[EventType "swiss"]
[EventRounds "7"]
[EventCountry "GER"]
[SourceTitle "EXT 2025"]
[Source "ChessBase"]
[SourceDate "2024.10.14"]
[SourceVersion "1"]
[SourceVersionDate "2024.10.14"]
[SourceQuality "1"]

1. e4 e5 2. d4 Nc6 3. d5 Nce7 4. Nf3 Ng6 5. Nc3 Bc5 6. Bc4 d6 7. Be3 N8e7 8. 0-0 Ng8 9. Bxc5 dxc5 10. Nb5 Rb8 11. d6 c6 12. Nc7+ Kd7 13. h4 Nf4 14. Nxe5# 1-0

[Event "Heusenstamm Sparkassen op U14 9th"]
[Site "Heusenstamm"]
[Date "2023.11.25"]
[Round "4"]
[White "Paul, Jenna"]
[Black "Faisz, David"]
[Result "1-0"]
[WhiteElo "930"]
[BlackElo "1161"]
[PlyCount "69"]
[EventDate "2023.11.24"]
[EventType "swiss"]
[EventRounds "7"]
[EventCountry "GER"]
[SourceTitle "EXT 2025"]
[Source "ChessBase"]
[SourceDate "2024.10.14"]
[SourceVersion "1"]
[SourceVersionDate "2024.10.14"]
[SourceQuality "1"]

1. e4 e6 2. d4 d5 3. e5 c5 4. c3 Nc6 5. Nf3 Qb6 6. a3 Qxb2 7. Bxb2 cxd4 8. cxd4 f6 9. Bb5 Bd7 10. 0-0 a6 11. Bd3 fxe5 12. dxe5 Bc5 13. Nc3 d4 14. Ne4 Bb6 15. Nd6+ Ke7 16. Be4 Rd8 17. Nxd4 Bxd4 18. Bxd4 Nxd4 19. Qxd4 Bb5 20. Qa7 Bd7 21. Qxb7 Nh6 22. Bc6 Nf5 23. Qc7 Nxd6 24. Qxd6+ Ke8 25. Bxd7+ Rxd7 26. Qxe6+ Kd8 27. Rad1 Rxd1 28. Rxd1+ Kc7 29. Qd7+ Kb6 30. Rb1+ Kc5 31. Qd6+ Kc4 32. Rb4+ Kc3 33. Qd4+ Kc2 34. Rb2+ Kc1 35. Qd2# 1-0